Normal view
MARC view
- المساحة الهندسية-هندسة الطرق
Entry Topical Term
001 - CONTROL NUMBER
- control field: 51238
003 - CONTROL NUMBER IDENTIFIER
- control field: JO-AjAnu
005 - DATE AND TIME OF LATEST TRANSACTION
- control field: 20230606082429.0
008 - FIXED-LENGTH DATA ELEMENTS
- fixed length control field: 230606|| aca||aabn | a|a d
040 ## - CATALOGING SOURCE
- Original cataloging agency: JO-AjAnu
- Transcribing agency: JO-AjAnu
150 ## - HEADING--TOPICAL TERM
- Topical term or geographic name entry element: المساحة الهندسية-هندسة الطرق
670 ## - SOURCE DATA FOUND
- Source citation: Work cat.: (JO-AjAnu)26187: صيام، يوسف مصطفى،م مشارك: عبدالله القرني ،سعد بن عبدالرحمن القاضي, author 51237, تغطية مساحية الطرق